Secessionist Movements by Flag - Africa - Statistics

General Stats
  • This quiz has been taken 142 times
  • The average score is 12 of 20
Answer Stats
Picture Hint Answer % Correct
Morocco Western Sahara
95%
Somalia Somaliland
94%
France Mayotte
93%
France Réunion
83%
Tanzania Zanzibar
83%
Spain Canary Islands
72%
Sudan Darfur
72%
Nigeria Biafra
66%
North Africa Berbers
59%
Ethiopia Tigray
55%
Mali Azawad
51%
Angola Cabinda
50%
Cameroon Ambazonia
46%
Morocco Rif
46%
South Africa Cape Republic
43%
Libya Cyrenaica
39%
Equatorial Guinea Bioko
36%
Kenya Mombasa
29%
Ghana Western Togoland
29%
Mauritus Rodrigues
27%
No matching quizzes found
Score Distribution
Percent of People with Each Score
Percentile by Number Answered
Your Score History
You have not taken this quiz